An anthology of English prose from Bede to R.L.S. / (Record no. 22368)
[ view plain ]
| 000 -LEADER | |
|---|---|
| fixed length control field | 00712cam a2200229u 4500 |
| 001 - CONTROL NUMBER | |
| control field | 22368 |
| 003 - CONTROL NUMBER IDENTIFIER | |
| rucl marc code | BD-RjUL |
| 005 - DATE AND TIME OF LATEST TRANSACTION | |
| control field | 20211209000810.0 |
| 008 - FIXED-LENGTH DATA ELEMENTS--GENERAL INFORMATION | |
| fixed length control field | 140308r19531914enk 000 0 eng |
| 035 ## - SYSTEM CONTROL NUMBER | |
| System control number | (BD-RjUL)22433 |
| 040 ## - CATALOGING SOURCE | |
| Original cataloging agency | DLC |
| Transcribing agency | CarP |
| Modifying agency | DLC |
| -- | BD-RjUL |
| Language of cataloging | eng |
| 041 ## - LANGUAGE CODE | |
| Language code of text/sound track or separate title | eng |
| 082 ## - DEWEY DECIMAL CLASSIFICATION NUMBER | |
| Classification number | 824.08 |
| Author mark and year | EDA 1953 |
| 100 1# - MAIN ENTRY--PERSONAL NAME | |
| Personal name | Edwards, S. L., |
| Dates associated with a name | active 1929, |
| 9 (RLIN) | 69062 |
| 245 13 - TITLE STATEMENT | |
| Title | An anthology of English prose from Bede to R.L.S. / |
| Statement of responsibility, etc. | arranged by S L Edwards. |
| 260 ## - PUBLICATION, DISTRIBUTION, ETC. (IMPRINT) | |
| Place of publication, distribution, etc. | London ; |
| -- | New York : |
| Name of publisher, distributor, etc. | J. M. Dent ; |
| -- | E. P. Dutton & co. |
| Date of publication, distribution, etc. | [Reprinted 1953]. |
| 300 ## - PHYSICAL DESCRIPTION | |
| Pagination | xvi, 400 p. ; |
| Size | 19 cm. |
| 650 #0 - SUBJECT ADDED ENTRY--TOPICAL TERM | |
| Topical term or geographic name as entry element | English prose literature. |
| 9 (RLIN) | 69063 |
| 942 ## - ADDED ENTRY ELEMENTS (KOHA) | |
| Source of classification or shelving scheme | Dewey Decimal Classification |
| Koha item type | Books |
| Lost status | Source of classification or shelving scheme | Damaged status | Not for loan | Collection code | Permanent Location | Current Location | Shelving location | Date acquired | Source of acquisition | Cost, normal purchase price | Total Checkouts | Full call number | Date last seen | Copy number | Koha item type |
|---|---|---|---|---|---|---|---|---|---|---|---|---|---|---|---|
| Dewey Decimal Classification | Added to bundle | Fiction | Central Library, University of Rajshahi | Central Library, University of Rajshahi | Reading Room | 24/09/1955 | B. H. Bluckwell | 0.62 | 824.08 EDA 1953 | 08/03/2014 | C-1 | Books |